<?xml version="1.0" encoding="UTF-8"?>
<record
    xmlns:xsi="http://www.w3.org/2001/XMLSchema-instance"
    xsi:schemaLocation="http://www.loc.gov/MARC21/slim http://www.loc.gov/standards/marcxml/schema/MARC21slim.xsd"
    xmlns="http://www.loc.gov/MARC21/slim">

  <leader>00922nam a2200229 i 4500</leader>
  <controlfield tag="001">163387</controlfield>
  <controlfield tag="003">ES-MaACL</controlfield>
  <controlfield tag="005">20250716002324.0</controlfield>
  <controlfield tag="008">931025m18971898sp           |||| | spa d</controlfield>
  <datafield tag="040" ind1=" " ind2=" ">
    <subfield code="a">PAB </subfield>
    <subfield code="b">spa </subfield>
    <subfield code="c">CCPB</subfield>
  </datafield>
  <datafield tag="100" ind1="1" ind2=" ">
    <subfield code="a">Revilla, Manuel de la,</subfield>
    <subfield code="d">1846-1881</subfield>
    <subfield code="9">96432</subfield>
  </datafield>
  <datafield tag="245" ind1="1" ind2="0">
    <subfield code="a">Principios generales de Literatura e Historia de la Literatura Espa&#xF1;ola / </subfield>
    <subfield code="c">por Manuel de la Revilla... y Pedro Alc&#xE1;ntara Garc&#xED;a.</subfield>
  </datafield>
  <datafield tag="250" ind1=" " ind2=" ">
    <subfield code="a">4&#xBA; ed.</subfield>
  </datafield>
  <datafield tag="260" ind1=" " ind2=" ">
    <subfield code="a">Madrid : </subfield>
    <subfield code="b">Librer&#xED;a de Francisco Iravedra, </subfield>
    <subfield code="c">1897-1898 (</subfield>
    <subfield code="f">Est. tip. de Idamor Moreno)</subfield>
  </datafield>
  <datafield tag="300" ind1=" " ind2=" ">
    <subfield code="a">2 v. (X, 526; 788 p.) ; </subfield>
    <subfield code="c">23 cm.</subfield>
  </datafield>
  <datafield tag="510" ind1="4" ind2=" ">
    <subfield code="a">Palau, </subfield>
    <subfield code="c">XVI, 263443</subfield>
  </datafield>
  <datafield tag="650" ind1=" " ind2="4">
    <subfield code="a">Literatura espa&#xF1;ola-</subfield>
    <subfield code="x">Historia y cr&#xED;tica</subfield>
    <subfield code="9">14560</subfield>
  </datafield>
  <datafield tag="700" ind1="1" ind2=" ">
    <subfield code="a">Garc&#xED;a, Pedro de Alc&#xE1;ntara,</subfield>
    <subfield code="d">1842-1906</subfield>
    <subfield code="9">54086</subfield>
  </datafield>
  <datafield tag="852" ind1=" " ind2=" ">
    <subfield code="a">ES-MaACL</subfield>
    <subfield code="j">B-1240-41 </subfield>
    <subfield code="z">-- Enc. pasta espa&#xF1;ola </subfield>
    <subfield code="x">-- Completar T300: (X, 526; 788 p.)</subfield>
  </datafield>
  <datafield tag="942" ind1=" " ind2=" ">
    <subfield code="2">udc</subfield>
  </datafield>
  <datafield tag="999" ind1=" " ind2=" ">
    <subfield code="c">163387</subfield>
    <subfield code="d">163387</subfield>
  </datafield>
  <datafield tag="952" ind1=" " ind2=" ">
    <subfield code="0">0</subfield>
    <subfield code="1">0</subfield>
    <subfield code="4">0</subfield>
    <subfield code="7">0</subfield>
    <subfield code="8">LIBXIX</subfield>
    <subfield code="a">ATENEOM</subfield>
    <subfield code="b">ATENEOM</subfield>
    <subfield code="c">SPB</subfield>
    <subfield code="d">2008-01-17</subfield>
    <subfield code="e">SSC</subfield>
    <subfield code="l">0</subfield>
    <subfield code="o">B-1240-1241</subfield>
    <subfield code="p">1171215</subfield>
    <subfield code="r">2023-02-23 00:00:00</subfield>
    <subfield code="w">2023-02-23</subfield>
    <subfield code="y">MONANT</subfield>
  </datafield>
</record>
